[Event "ODJM B 2025"]
[Site "Willingen GER"]
[Date "2025.06.11"]
[Round "6"]
[White "Fize, Aleksandrs"]
[Black "von Gehlen, Samuel"]
[Result "1/2-1/2"]
[Termination "normal"]
[Board "52"]
[WhiteElo "1712"]
[BlackElo "1533"]
[WhiteClock "01:12:27"]
[BlackClock "00:35:00"]
[PlyCount "105"]
[WhiteFideId "34623779"]
[BlackFideId "34651551"]
[EventCountry "GER"]
[EventRounds "9"]
[EventType "swiss"]
[EventDate "2025.06.07"]

1. d4 {[%clk 01:30:58]} {[%emt 00:00:02]} d5 {[%clk 01:30:55]} {[%emt
00:00:05]} 2. Nc3 {[%clk 01:31:25]} {[%emt 00:00:03]} c5 {[%clk 01:30:35]}
{[%emt 00:00:50]} 3. Bf4 {[%clk 01:31:45]} {[%emt 00:00:10]} cxd4 {[%clk
01:30:10]} {[%emt 00:00:55]} 4. Qxd4 {[%clk 01:32:10]} {[%emt 00:00:05]} Nf6
{[%clk 01:29:51]} {[%emt 00:00:49]} 5. Bxb8 {[%clk 01:32:35]} {[%emt 00:00:05]}
Rxb8 {[%clk 01:30:07]} {[%emt 00:00:14]} 6. Qxa7 {[%clk 01:33:00]} {[%emt
00:00:05]} Bf5 {[%clk 01:29:17]} {[%emt 00:01:19]} 7. Qa4+ {[%clk 01:33:03]}
{[%emt 00:00:27]} Qd7 {[%clk 01:26:50]} {[%emt 00:02:57]} 8. Qxd7+ {[%clk
01:30:34]} {[%emt 00:03:00]} Kxd7 {[%clk 01:27:06]} {[%emt 00:00:13]} 9. O-O-O
{[%clk 01:30:49]} {[%emt 00:00:15]} e6 {[%clk 01:26:24]} {[%emt 00:01:12]} 10.
e3 {[%clk 01:31:05]} {[%emt 00:00:14]} Rc8 {[%clk 01:25:40]} {[%emt 00:01:12]}
11. Bb5+ {[%clk 01:30:48]} {[%emt 00:00:49]} Kd8 {[%clk 01:25:08]} {[%emt
00:01:02]} 12. h3 {[%clk 01:29:47]} {[%emt 00:01:32]} Ne4 {[%clk 01:22:25]}
{[%emt 00:03:12]} 13. Nxe4 {[%clk 01:28:32]} {[%emt 00:01:45]} Bxe4 {[%clk
01:20:57]} {[%emt 00:01:57]} 14. Bd3 {[%clk 01:28:41]} {[%emt 00:00:22]} f5
{[%clk 01:18:53]} {[%emt 00:02:34]} 15. Bxe4 {[%clk 01:28:47]} {[%emt
00:00:24]} fxe4 {[%clk 01:19:01]} {[%emt 00:00:22]} 16. Ne2 {[%clk 01:28:58]}
{[%emt 00:00:19]} Bd6 {[%clk 01:18:01]} {[%emt 00:01:29]} 17. Nd4 {[%clk
01:29:06]} {[%emt 00:00:22]} Ke7 {[%clk 01:17:06]} {[%emt 00:01:24]} 18. f3
{[%clk 01:29:12]} {[%emt 00:00:25]} exf3 {[%clk 01:16:33]} {[%emt 00:01:03]}
19. gxf3 {[%clk 01:29:37]} {[%emt 00:00:06]} g6 {[%clk 01:10:38]} {[%emt
00:06:22]} 20. Rhf1 {[%clk 01:28:38]} {[%emt 00:01:31]} e5 {[%clk 01:08:47]}
{[%emt 00:02:22]} 21. Nb5 {[%clk 01:29:00]} {[%emt 00:00:08]} Rc5 {[%clk
01:08:07]} {[%emt 00:01:08]} 22. Nxd6 {[%clk 01:28:55]} {[%emt 00:00:36]} Kxd6
{[%clk 01:07:55]} {[%emt 00:00:43]} 23. e4 {[%clk 01:28:55]} {[%emt 00:00:30]}
d4 {[%clk 01:07:52]} {[%emt 00:00:33]} 24. f4 {[%clk 01:28:38]} {[%emt
00:00:47]} Rhc8 {[%clk 01:07:05]} {[%emt 00:01:16]} 25. Rd2 {[%clk 01:28:11]}
{[%emt 00:00:57]} Ke6 {[%clk 01:02:45]} {[%emt 00:04:51]} 26. Kb1 {[%clk
01:23:35]} {[%emt 00:05:06]} Rf8 {[%clk 00:51:41]} {[%emt 00:11:34]} 27. Rdf2
{[%clk 01:20:25]} {[%emt 00:03:39]} Rxf4 {[%clk 00:49:38]} {[%emt 00:02:33]}
28. Rxf4 {[%clk 01:20:49]} {[%emt 00:00:06]} exf4 {[%clk 00:49:49]} {[%emt
00:00:19]} 29. Rxf4 {[%clk 01:21:14]} {[%emt 00:00:05]} Rh5 {[%clk 00:48:55]}
{[%emt 00:01:25]} 30. h4 {[%clk 01:20:42]} {[%emt 00:01:02]} g5 {[%clk
00:48:16]} {[%emt 00:01:08]} 31. Rf5 {[%clk 01:18:21]} {[%emt 00:02:51]} Rxh4
{[%clk 00:46:34]} {[%emt 00:02:12]} 32. a4 {[%clk 01:18:34]} {[%emt 00:00:19]}
h6 {[%clk 00:46:03]} {[%emt 00:00:59]} 33. Rb5 {[%clk 01:18:14]} {[%emt
00:00:51]} Rxe4 {[%clk 00:45:05]} {[%emt 00:01:27]} 34. Rxb7 {[%clk 01:18:40]}
{[%emt 00:00:05]} d3 {[%clk 00:45:00]} {[%emt 00:00:35]} 35. cxd3 {[%clk
01:18:51]} {[%emt 00:00:19]} Rxa4 {[%clk 00:45:21]} {[%emt 00:00:09]} 36. Rb6+
{[%clk 01:19:17]} {[%emt 00:00:04]} Kf5 {[%clk 00:45:03]} {[%emt 00:00:47]} 37.
Rxh6 {[%clk 01:19:38]} {[%emt 00:00:09]} g4 {[%clk 00:44:11]} {[%emt 00:01:22]}
38. Kc2 {[%clk 01:18:27]} {[%emt 00:01:42]} g3 {[%clk 00:44:07]} {[%emt
00:00:33]} 39. Rh1 {[%clk 01:18:27]} {[%emt 00:00:30]} g2 {[%clk 00:44:11]}
{[%emt 00:00:27]} 40. Rg1 {[%clk 01:18:33]} {[%emt 00:00:24]} Rg4 {[%clk
00:44:32]} {[%emt 00:00:09]} 41. Kd2 {[%clk 01:18:30]} {[%emt 00:00:32]} Kf4
{[%clk 00:44:40]} {[%emt 00:00:22]} 42. b4 {[%clk 01:12:31]} {[%emt 00:06:30]}
Kg3 {[%clk 00:43:01]} {[%emt 00:02:08]} 43. Kc3 {[%clk 01:12:50]} {[%emt
00:00:12]} Kh2 {[%clk 00:42:11]} {[%emt 00:01:19]} 44. Rxg2+ {[%clk 01:13:00]}
{[%emt 00:00:21]} Kxg2 {[%clk 00:42:28]} {[%emt 00:00:13]} 45. b5 {[%clk
01:13:26]} {[%emt 00:00:05]} Kf3 {[%clk 00:42:17]} {[%emt 00:00:40]} 46. d4
{[%clk 01:12:52]} {[%emt 00:01:04]} Ke4 {[%clk 00:41:53]} {[%emt 00:00:53]} 47.
Kc4 {[%clk 01:12:40]} {[%emt 00:00:43]} Rg8 {[%clk 00:40:00]} {[%emt 00:02:22]}
48. b6 {[%clk 01:12:30]} {[%emt 00:00:41]} Rc8+ {[%clk 00:39:34]} {[%emt
00:00:56]} 49. Kb5 {[%clk 01:12:53]} {[%emt 00:00:07]} Kd5 {[%clk 00:38:02]}
{[%emt 00:01:58]} 50. b7 {[%clk 01:12:30]} {[%emt 00:00:56]} Rb8 {[%clk
00:35:11]} {[%emt 00:03:21]} 51. Kb6 {[%clk 01:12:28]} {[%emt 00:00:32]} Kd6
{[%clk 00:34:46]} {[%emt 00:00:55]} 52. d5 {[%clk 01:12:28]} {[%emt 00:00:32]}
Kd7 {[%clk 00:35:00]} {[%emt 00:00:15]} 53. Ka7 {[%clk 01:12:27]} {[%emt
00:00:31]} 1/2-1/2

[Event "ODJM B 2025"]
[Site "Willingen GER"]
[Date "2025.06.11"]
[Round "6"]
[White "Mlynarski, Milosz"]
[Black "Maraun, Lias"]
[Result "0-1"]
[Termination "normal"]
[Board "53"]
[WhiteElo "1647"]
[BlackElo "1763"]
[WhiteClock "00:50:54"]
[BlackClock "00:44:57"]
[PlyCount "54"]
[WhiteFideId "34636854"]
[BlackFideId "533017441"]
[EventCountry "GER"]
[EventRounds "9"]
[EventType "swiss"]
[EventDate "2025.06.07"]

1. d4 {[%clk 01:30:57]} {[%emt 00:00:03]} Nf6 {[%clk 01:30:51]} {[%emt
00:00:09]} 2. c4 {[%clk 01:31:19]} {[%emt 00:00:08]} c5 {[%clk 01:31:10]}
{[%emt 00:00:11]} 3. d5 {[%clk 01:31:38]} {[%emt 00:00:11]} b5 {[%clk
01:31:30]} {[%emt 00:00:10]} 4. Qc2 {[%clk 01:30:57]} {[%emt 00:01:12]} bxc4
{[%clk 01:31:43]} {[%emt 00:00:16]} 5. e4 {[%clk 01:31:12]} {[%emt 00:00:14]}
e6 {[%clk 01:28:26]} {[%emt 00:03:48]} 6. Bxc4 {[%clk 01:31:00]} {[%emt
00:00:42]} Bb7 {[%clk 01:24:32]} {[%emt 00:04:25]} 7. Nc3 {[%clk 01:30:47]}
{[%emt 00:00:42]} exd5 {[%clk 01:22:27]} {[%emt 00:02:34]} 8. exd5 {[%clk
01:31:02]} {[%emt 00:00:16]} d6 {[%clk 01:21:13]} {[%emt 00:01:44]} 9. Nf3
{[%clk 01:30:57]} {[%emt 00:00:35]} Nbd7 {[%clk 01:20:12]} {[%emt 00:01:31]}
10. O-O {[%clk 01:28:14]} {[%emt 00:03:14]} Be7 {[%clk 01:19:52]} {[%emt
00:00:49]} 11. Bf4 {[%clk 01:28:08]} {[%emt 00:00:36]} O-O {[%clk 01:19:23]}
{[%emt 00:01:00]} 12. Rad1 {[%clk 01:27:35]} {[%emt 00:01:03]} Nb6 {[%clk
01:18:35]} {[%emt 00:01:18]} 13. Qb3 {[%clk 01:16:28]} {[%emt 00:11:37]} a5
{[%clk 01:12:34]} {[%emt 00:06:31]} 14. Rfe1 {[%clk 01:11:59]} {[%emt
00:05:00]} a4 {[%clk 01:09:20]} {[%emt 00:03:43]} 15. Qb5 {[%clk 01:02:42]}
{[%emt 00:09:46]} Ba6 {[%clk 01:06:58]} {[%emt 00:02:52]} 16. Qxa6 {[%clk
01:01:50]} {[%emt 00:01:22]} Rxa6 {[%clk 01:07:20]} {[%emt 00:00:08]} 17. Bxa6
{[%clk 01:02:13]} {[%emt 00:00:08]} Nh5 {[%clk 00:57:50]} {[%emt 00:10:00]} 18.
Bg3 {[%clk 01:01:15]} {[%emt 00:01:27]} Nxg3 {[%clk 00:57:55]} {[%emt
00:00:25]} 19. hxg3 {[%clk 01:01:40]} {[%emt 00:00:06]} Bf6 {[%clk 00:56:52]}
{[%emt 00:01:33]} 20. Bb5 {[%clk 00:59:45]} {[%emt 00:02:26]} a3 {[%clk
00:53:38]} {[%emt 00:03:43]} 21. Ne4 {[%clk 00:53:14]} {[%emt 00:07:01]} axb2
{[%clk 00:52:21]} {[%emt 00:01:47]} 22. Rd2 {[%clk 00:52:42]} {[%emt 00:01:03]}
c4 {[%clk 00:47:18]} {[%emt 00:05:33]} 23. Nxf6+ {[%clk 00:51:41]} {[%emt
00:01:31]} Qxf6 {[%clk 00:47:30]} {[%emt 00:00:16]} 24. Rde2 {[%clk 00:51:51]}
{[%emt 00:00:20]} Nxd5 {[%clk 00:45:58]} {[%emt 00:02:03]} 25. Re8 {[%clk
00:51:46]} {[%emt 00:00:35]} b1=R {[%clk 00:45:26]} {[%emt 00:01:02]} 26. Rxb1
{[%clk 00:51:38]} {[%emt 00:00:38]} Nc3 {[%clk 00:44:33]} {[%emt 00:01:23]} 27.
Rxf8+ {[%clk 00:50:54]} {[%emt 00:01:14]} Kxf8 {[%clk 00:44:57]} {[%emt
00:00:06]} 0-1

[Event "ODJM B 2025"]
[Site "Willingen GER"]
[Date "2025.06.11"]
[Round "6"]
[White "Yüksel, Aran"]
[Black "Schmidt, Sophie"]
[Result "1-0"]
[Termination "normal"]
[Board "54"]
[WhiteElo "1531"]
[BlackElo "1613"]
[WhiteClock "00:30:49"]
[BlackClock "00:11:22"]
[PlyCount "67"]
[WhiteFideId "16297024"]
[BlackFideId "34682503"]
[EventCountry "GER"]
[EventRounds "9"]
[EventType "swiss"]
[EventDate "2025.06.07"]

1. d4 {[%clk 01:30:58]} {[%emt 00:00:01]} d5 {[%clk 01:30:55]} {[%emt
00:00:05]} 2. c4 {[%clk 01:31:21]} {[%emt 00:00:08]} c6 {[%clk 01:31:19]}
{[%emt 00:00:05]} 3. cxd5 {[%clk 01:31:45]} {[%emt 00:00:06]} cxd5 {[%clk
01:31:35]} {[%emt 00:00:14]} 4. Bf4 {[%emt 00:00:15]} Nf6 {[%clk 01:30:51]}
{[%emt 00:01:11]} 5. Nc3 {[%clk 01:31:43]} {[%emt 00:00:50]} g6 {[%clk
01:29:56]} {[%emt 00:01:25]} 6. Nf3 {[%clk 01:30:26]} {[%emt 00:01:48]} a6
{[%clk 01:27:27]} {[%emt 00:02:59]} 7. g3 {[%clk 01:27:30]} {[%emt 00:03:25]}
Bg7 {[%clk 01:25:26]} {[%emt 00:02:30]} 8. Bg2 {[%clk 01:25:28]} {[%emt
00:02:33]} O-O {[%clk 01:24:18]} {[%emt 00:01:38]} 9. O-O {[%clk 01:25:45]}
{[%emt 00:00:13]} Nc6 {[%clk 01:21:18]} {[%emt 00:03:31]} 10. Ne5 {[%clk
01:19:33]} {[%emt 00:06:40]} Be6 {[%clk 01:09:40]} {[%emt 00:12:09]} 11. Rc1
{[%clk 01:10:53]} {[%emt 00:09:10]} Rc8 {[%clk 01:00:23]} {[%emt 00:09:47]} 12.
Nxc6 {[%clk 01:01:53]} {[%emt 00:09:29]} Rxc6 {[%clk 00:56:53]} {[%emt
00:04:01]} 13. Na4 {[%clk 01:00:37]} {[%emt 00:01:46]} Rxc1 {[%clk 00:46:57]}
{[%emt 00:10:26]} 14. Qxc1 {[%clk 00:59:08]} {[%emt 00:01:59]} Qc8 {[%clk
00:44:50]} {[%emt 00:02:37]} 15. Nb6 {[%clk 00:57:32]} {[%emt 00:02:06]} Qc6
{[%clk 00:34:06]} {[%emt 00:11:15]} 16. Qxc6 {[%clk 00:55:59]} {[%emt
00:02:02]} bxc6 {[%clk 00:33:28]} {[%emt 00:01:08]} 17. Rc1 {[%clk 00:56:03]}
{[%emt 00:00:26]} g5 {[%clk 00:24:44]} {[%emt 00:09:14]} 18. Bxg5 {[%clk
00:55:02]} {[%emt 00:01:32]} Rb8 {[%clk 00:24:43]} {[%emt 00:00:31]} 19. Rxc6
{[%clk 00:54:26]} {[%emt 00:01:05]} h6 {[%clk 00:19:30]} {[%emt 00:05:43]} 20.
Bxf6 {[%clk 00:46:34]} {[%emt 00:08:22]} Bxf6 {[%clk 00:18:46]} {[%emt
00:01:13]} 21. e3 {[%clk 00:45:48]} {[%emt 00:01:17]} Rd8 {[%clk 00:17:21]}
{[%emt 00:01:55]} 22. Rc5 {[%clk 00:40:31]} {[%emt 00:05:47]} Rb8 {[%clk
00:16:33]} {[%emt 00:01:18]} 23. Nxd5 {[%clk 00:40:29]} {[%emt 00:00:32]} Rxb2
{[%clk 00:16:42]} {[%emt 00:00:21]} 24. Nxf6+ {[%clk 00:40:07]} {[%emt
00:00:52]} exf6 {[%clk 00:17:06]} {[%emt 00:00:06]} 25. Bd5 {[%clk 00:33:45]}
{[%emt 00:06:52]} Bxd5 {[%clk 00:15:06]} {[%emt 00:02:30]} 26. Rxd5 {[%clk
00:34:08]} {[%emt 00:00:08]} Rxa2 {[%clk 00:15:32]} {[%emt 00:00:04]} 27. Rd8+
{[%clk 00:31:46]} {[%emt 00:02:52]} Kg7 {[%clk 00:15:49]} {[%emt 00:00:12]} 28.
Ra8 {[%clk 00:31:31]} {[%emt 00:00:45]} a5 {[%clk 00:15:47]} {[%emt 00:00:32]}
29. d5 {[%clk 00:31:44]} {[%emt 00:00:16]} a4 {[%clk 00:16:13]} {[%emt
00:00:05]} 30. d6 {[%clk 00:31:57]} {[%emt 00:00:17]} a3 {[%clk 00:16:01]}
{[%emt 00:00:42]} 31. d7 {[%clk 00:30:35]} {[%emt 00:01:53]} Rd2 {[%clk
00:11:01]} {[%emt 00:05:30]} 32. d8=Q {[%emt 00:00:28]} Rxd8 {[%emt 00:00:05]}
33. Rxd8 {[%clk 00:30:24]} {[%emt 00:00:08]} a2 {[%clk 00:11:22]} {[%emt
00:00:09]} 34. Ra8 {[%clk 00:30:49]} {[%emt 00:00:03]} 1-0

[Event "ODJM B 2025"]
[Site "Willingen GER"]
[Date "2025.06.11"]
[Round "6"]
[White "Subocz, Barbara"]
[Black "Schmitt, Bastian"]
[Result "0-1"]
[Termination "normal"]
[Board "55"]
[WhiteElo "1559"]
[BlackElo "1729"]
[WhiteClock "00:34:32"]
[BlackClock "00:33:11"]
[PlyCount "56"]
[WhiteFideId "41805658"]
[BlackFideId "34615768"]
[EventCountry "GER"]
[EventRounds "9"]
[EventType "swiss"]
[EventDate "2025.06.07"]

1. e4 {[%clk 01:30:59]} e5 {[%clk 01:30:47]} {[%emt 00:00:13]} 2. Nf3 {[%clk
01:31:06]} {[%emt 00:00:24]} Nc6 {[%clk 01:31:01]} {[%emt 00:00:15]} 3. Bb5
{[%clk 01:31:21]} {[%emt 00:00:16]} Nf6 {[%clk 01:31:16]} {[%emt 00:00:15]} 4.
O-O {[%clk 01:31:37]} {[%emt 00:00:14]} Nxe4 {[%clk 01:31:28]} {[%emt
00:00:18]} 5. Re1 {[%clk 01:25:25]} {[%emt 00:06:42]} Nd6 {[%clk 01:31:41]}
{[%emt 00:00:17]} 6. Ba4 {[%clk 01:24:53]} {[%emt 00:01:03]} Be7 {[%clk
01:30:21]} {[%emt 00:01:49]} 7. Nxe5 {[%clk 01:23:20]} {[%emt 00:02:03]} O-O
{[%clk 01:29:07]} {[%emt 00:01:43]} 8. c3 {[%clk 01:20:32]} {[%emt 00:03:20]}
Nxe5 {[%clk 01:23:55]} {[%emt 00:05:41]} 9. Rxe5 {[%clk 01:20:01]} {[%emt
00:01:01]} Bf6 {[%clk 01:23:57]} {[%emt 00:00:28]} 10. Re1 {[%clk 01:17:02]}
{[%emt 00:03:29]} b5 {[%clk 01:22:39]} {[%emt 00:01:48]} 11. Bc2 {[%clk
01:15:27]} {[%emt 00:02:05]} Re8 {[%clk 01:18:53]} {[%emt 00:04:16]} 12. d4
{[%clk 01:11:39]} {[%emt 00:04:19]} Re6 {[%clk 01:13:15]} {[%emt 00:06:07]} 13.
Bb3 {[%clk 01:07:49]} {[%emt 00:04:21]} Rxe1+ {[%clk 01:11:53]} {[%emt
00:01:52]} 14. Qxe1 {[%clk 01:07:52]} {[%emt 00:00:27]} Bb7 {[%clk 01:04:52]}
{[%emt 00:07:30]} 15. Be3 {[%clk 01:05:37]} {[%emt 00:02:44]} Qe7 {[%clk
01:03:07]} {[%emt 00:02:15]} 16. Nd2 {[%clk 01:04:00]} {[%emt 00:02:08]} Re8
{[%clk 01:01:52]} {[%emt 00:01:45]} 17. Qe2 {[%clk 00:58:40]} {[%emt 00:05:47]}
Nf5 {[%clk 00:59:47]} {[%emt 00:02:38]} 18. Nf1 {[%clk 00:57:01]} {[%emt
00:02:09]} Bg5 {[%clk 00:58:03]} {[%emt 00:02:13]} 19. Qxb5 {[%clk 00:50:43]}
{[%emt 00:06:49]} Qe4 {[%clk 00:54:26]} {[%emt 00:04:06]} 20. f3 {[%clk
00:44:07]} {[%emt 00:07:07]} Bxe3+ {[%clk 00:54:25]} {[%emt 00:00:32]} 21. Kh1
{[%clk 00:44:08]} {[%emt 00:00:28]} Nd6 {[%clk 00:52:10]} {[%emt 00:02:45]} 22.
Qxd7 {[%clk 00:42:19]} {[%emt 00:02:19]} Qxf3 {[%clk 00:48:51]} {[%emt
00:03:48]} 23. Nxe3 {[%clk 00:39:54]} {[%emt 00:02:56]} Qxe3 {[%clk 00:48:46]}
{[%emt 00:00:35]} 24. Rg1 {[%clk 00:38:39]} {[%emt 00:01:43]} Qe7 {[%clk
00:42:25]} {[%emt 00:06:52]} 25. Qa4 {[%clk 00:36:56]} {[%emt 00:02:14]} Ne4
{[%clk 00:40:44]} {[%emt 00:02:11]} 26. Rf1 {[%clk 00:35:24]} {[%emt 00:01:56]}
Nf2+ {[%clk 00:35:25]} {[%emt 00:05:55]} 27. Kg1 {[%clk 00:35:22]} {[%emt
00:00:32]} Nh3+ {[%clk 00:33:09]} {[%emt 00:02:46]} 28. Kh1 {[%clk 00:34:32]}
{[%emt 00:01:21]} Nf4 {[%clk 00:33:11]} {[%emt 00:00:28]} 0-1

[Event "ODJM B 2025"]
[Site "Willingen GER"]
[Date "2025.06.11"]
[Round "6"]
[White "Ebel, Felix"]
[Black "Tryk, Paul-Luca"]
[Result "0-1"]
[Termination "normal"]
[Board "56"]
[WhiteElo "1605"]
[BlackElo "1741"]
[WhiteClock "00:51:39"]
[BlackClock "00:02:57"]
[PlyCount "114"]
[WhiteFideId "34651446"]
[BlackFideId "34698515"]
[EventCountry "GER"]
[EventRounds "9"]
[EventType "swiss"]
[EventDate "2025.06.07"]

1. e4 {[%clk 01:30:55]} {[%emt 00:00:05]} e6 {[%clk 01:30:58]} {[%emt
00:00:03]} 2. d4 {[%clk 01:31:21]} {[%emt 00:00:04]} d5 {[%clk 01:31:24]}
{[%emt 00:00:03]} 3. exd5 {[%clk 01:31:25]} {[%emt 00:00:25]} exd5 {[%clk
01:31:49]} {[%emt 00:00:06]} 4. Bd3 {[%clk 01:31:23]} {[%emt 00:00:32]} Nc6
{[%clk 01:32:11]} {[%emt 00:00:09]} 5. c3 {[%clk 01:31:45]} {[%emt 00:00:07]}
Bd6 {[%clk 01:29:15]} {[%emt 00:03:26]} 6. Nf3 {[%clk 01:32:04]} {[%emt
00:00:11]} Nge7 {[%clk 01:26:32]} {[%emt 00:03:12]} 7. O-O {[%clk 01:31:38]}
{[%emt 00:00:57]} Bg4 {[%clk 01:26:37]} {[%emt 00:00:25]} 8. Bg5 {[%clk
01:31:19]} {[%emt 00:00:48]} f6 {[%clk 01:26:51]} {[%emt 00:00:16]} 9. Bh4
{[%clk 01:31:42]} {[%emt 00:00:08]} Qd7 {[%clk 01:27:00]} {[%emt 00:00:20]} 10.
Nbd2 {[%clk 01:31:56]} {[%emt 00:00:16]} Bf4 {[%clk 01:26:23]} {[%emt
00:01:07]} 11. Qb3 {[%clk 01:30:37]} {[%emt 00:01:51]} O-O-O {[%clk 01:20:37]}
{[%emt 00:06:16]} 12. a4 {[%clk 01:26:55]} {[%emt 00:04:11]} Na5 {[%clk
01:16:09]} {[%emt 00:04:58]} 13. Qb4 {[%clk 01:26:15]} {[%emt 00:01:11]} Nac6
{[%clk 01:15:00]} {[%emt 00:01:39]} 14. Qa3 {[%clk 01:26:13]} {[%emt 00:00:31]}
Bd6 {[%clk 01:15:10]} {[%emt 00:00:20]} 15. b4 {[%clk 01:26:23]} {[%emt
00:00:20]} a5 {[%clk 01:15:01]} {[%emt 00:00:39]} 16. Rfb1 {[%clk 01:26:04]}
{[%emt 00:00:49]} Nf5 {[%clk 01:12:23]} {[%emt 00:03:08]} 17. Qb2 {[%clk
01:25:03]} {[%emt 00:01:31]} Nxh4 {[%clk 01:06:42]} {[%emt 00:06:11]} 18. bxa5
{[%clk 01:24:36]} {[%emt 00:00:57]} Nxf3+ {[%clk 01:06:53]} {[%emt 00:00:19]}
19. gxf3 {[%clk 01:24:36]} {[%emt 00:00:30]} Nxa5 {[%clk 01:06:31]} {[%emt
00:00:53]} 20. Qb5 {[%clk 01:19:31]} {[%emt 00:05:35]} Qxb5 {[%clk 01:05:57]}
{[%emt 00:01:04]} 21. Rxb5 {[%clk 01:19:53]} {[%emt 00:00:08]} Bh3 {[%clk
00:55:15]} {[%emt 00:11:12]} 22. Rxa5 {[%clk 01:18:17]} {[%emt 00:02:06]} c6
{[%clk 00:55:03]} {[%emt 00:00:41]} 23. Rb1 {[%clk 01:17:30]} {[%emt 00:01:17]}
Bb8 {[%clk 00:44:35]} {[%emt 00:10:58]} 24. c4 {[%clk 01:14:50]} {[%emt
00:03:11]} dxc4 {[%clk 00:44:25]} {[%emt 00:00:39]} 25. Nxc4 {[%clk 01:13:50]}
{[%emt 00:01:30]} Rxd4 {[%clk 00:43:59]} {[%emt 00:00:56]} 26. Nb6+ {[%clk
01:13:32]} {[%emt 00:00:49]} Kd8 {[%clk 00:39:04]} {[%emt 00:05:24]} 27. Rd1
{[%clk 01:09:48]} {[%emt 00:04:14]} g6 {[%clk 00:35:47]} {[%emt 00:03:47]} 28.
Nc4 {[%clk 01:03:46]} {[%emt 00:06:32]} Kc7 {[%clk 00:35:46]} {[%emt 00:00:31]}
29. Ra8 {[%clk 00:56:50]} {[%emt 00:07:26]} Rhd8 {[%clk 00:35:07]} {[%emt
00:01:08]} 30. Nb2 {[%clk 00:55:34]} {[%emt 00:01:47]} Bf5 {[%clk 00:32:32]}
{[%emt 00:03:06]} 31. Be2 {[%clk 00:55:45]} {[%emt 00:00:18]} Rd2 {[%clk
00:32:06]} {[%emt 00:00:55]} 32. a5 {[%clk 00:55:18]} {[%emt 00:00:58]} Rxd1+
{[%clk 00:31:22]} {[%emt 00:01:14]} 33. Nxd1 {[%clk 00:55:36]} {[%emt
00:00:12]} Bh3 {[%clk 00:30:47]} {[%emt 00:01:04]} 34. Ne3 {[%clk 00:54:51]}
{[%emt 00:01:16]} Be6 {[%clk 00:29:45]} {[%emt 00:01:32]} 35. Kg2 {[%clk
00:54:45]} {[%emt 00:00:35]} c5 {[%clk 00:29:43]} {[%emt 00:00:33]} 36. a6
{[%clk 00:55:02]} {[%emt 00:00:14]} bxa6 {[%clk 00:29:48]} {[%emt 00:00:24]}
37. Rxa6 {[%clk 00:55:26]} {[%emt 00:00:06]} Rd6 {[%clk 00:30:00]} {[%emt
00:00:17]} 38. Ra4 {[%clk 00:55:11]} {[%emt 00:00:44]} f5 {[%clk 00:26:54]}
{[%emt 00:03:37]} 39. f4 {[%clk 00:55:05]} {[%emt 00:00:37]} Rd4 {[%clk
00:25:30]} {[%emt 00:01:54]} 40. Ra5 {[%clk 00:54:07]} {[%emt 00:01:27]} Kc6
{[%clk 00:20:56]} {[%emt 00:05:04]} 41. Ra6+ {[%clk 00:53:31]} {[%emt
00:01:07]} Kd7 {[%clk 00:20:28]} {[%emt 00:00:56]} 42. Bb5+ {[%clk 00:53:25]}
{[%emt 00:00:38]} Ke7 {[%clk 00:20:16]} {[%emt 00:00:42]} 43. Rb6 {[%clk
00:51:58]} {[%emt 00:01:56]} Bxf4 {[%clk 00:15:26]} {[%emt 00:05:20]} 44. Rb7+
{[%clk 00:52:25]} {[%emt 00:00:04]} Kf6 {[%clk 00:07:00]} {[%emt 00:08:56]} 45.
Rxh7 {[%clk 00:52:35]} {[%emt 00:00:19]} Bxe3 {[%clk 00:07:21]} {[%emt
00:00:09]} 46. fxe3 {[%clk 00:52:48]} {[%emt 00:00:18]} Rb4 {[%clk 00:07:09]}
{[%emt 00:00:42]} 47. Be2 {[%clk 00:51:02]} {[%emt 00:02:16]} Rb3 {[%clk
00:06:14]} {[%emt 00:01:23]} 48. Kf2 {[%clk 00:50:31]} {[%emt 00:01:02]} c4
{[%clk 00:06:22]} {[%emt 00:00:23]} 49. Rc7 {[%clk 00:50:33]} {[%emt 00:00:27]}
Rb4 {[%clk 00:05:39]} {[%emt 00:01:12]} 50. Ke1 {[%clk 00:50:34]} {[%emt
00:00:30]} g5 {[%clk 00:02:19]} {[%emt 00:03:50]} 51. Kd2 {[%clk 00:50:32]}
{[%emt 00:00:32]} Rb2+ {[%clk 00:02:17]} {[%emt 00:00:32]} 52. Ke1 {[%clk
00:50:47]} {[%emt 00:00:10]} g4 {[%clk 00:02:30]} {[%emt 00:00:22]} 53. Rc6
{[%clk 00:50:45]} {[%emt 00:00:32]} Ke5 {[%clk 00:02:47]} {[%emt 00:00:13]} 54.
Rxe6+ {[%clk 00:50:26]} {[%emt 00:00:49]} Kxe6 {[%clk 00:03:06]} {[%emt
00:00:11]} 55. Bxc4+ {[%clk 00:50:52]} {[%emt 00:00:03]} Ke5 {[%clk 00:03:23]}
{[%emt 00:00:13]} 56. Be2 {[%clk 00:51:17]} {[%emt 00:00:05]} Ke4 {[%clk
00:02:54]} {[%emt 00:00:59]} 57. Kf2 {[%clk 00:51:39]} {[%emt 00:00:09]} Ra2
{[%clk 00:02:57]} {[%emt 00:00:27]} 0-1